000
00294nam a2200097 a 4500
008
111128s2009|||| d
245
1
0
_a
Powiat Ropczycko-Sedziszowski
260
_b
Ropczyce
_a
Serigraph
_c
2009
020
_c
100
044
_a
xo
_c
SK
999
_c
18337
_d
18337